1871 1515 1509 1834 1872 1204 1464 1677 1013 1938 1262 1540 1863 1580 1035 1041 1104 1110 1368 1880 1821 1032 1105 1395 1594 1361 1690 1045 2000 1521 1981 1940 1119 1699 1996 1727 1662 1100 1469 1885 1829 1919 1146 1069 1589 1179 1153 1655 1170 1761 1931 1982 1247 1358 1578 1778 1489 1925 1660 1781 1585 1819 1079 1011 1827 1415 1259 1349 1478 1222 1952 1462 1696 1075 1380 1605 1817 1703 1897 1146 1486 1480 1957 1251 1537 1490 1473 1929 1339 1525 1861 1684 1553 1574 1101 1172 1281 1332 1482 BCNSPRNW ULIB Ver.6.0+V

เปลี่ยนเป็นภาษาไทย

Change to English
 แสดงรายละเอียดบรรณานุกรม
  กลับหน้าหลัก

Brief Record : Get Marc (ISO 2709) : E-mail record : QR code < ปิดหน้าต่าง
LEADER : 00000nam 2200000uu 4500
001    13399123330
003     ULIB
008    140822s2556||||th 000 0 tha d
050  4 ^aDS578.32.K35^bร417
245 00 ^aราชนครินทรานิทรรศน์ 9 ทศวรรษ พระดำรัสสร้างคน /^cโดยชมรมส่งเสริมการเรียนรู้เพื่อพัฒนาเยาวชน (องค์กรสาธารณประโยชน์)
250    ^aพิมพ์ครั้งที่ 1
260    ^aกรุงเทพฯ :^bจรัลสนิทวงศ์การพิมพ์,^c2556
300    ^a127 หน้า :^bภาพประกอบ ;^c23 ซม.
500    ^aจัดพิมพ์เพื่อเฉลิมพระเกียรติและระลึกในพระกรุณาธิคุณ สมเด็จพระเจ้าพี่นางเธอเจ้าฟ้ากัลยาณิวัฒนา กรมหลวงนราธิวาสราชนครินทร์เนื่องในอภิลักขิตสมัยบรรจบ 90 ปี วันประสูติ วันที่ 6 พฤษภาคม พุทธศักราช2556
600 04 ^aกัลยาณิวัฒนา กรมหลวงนราธิวาสราชนครินทร์,^cสมเด็จพระเจ้าพี่นางเธอเจ้าฟ้า,^d2466-2551
600 04 ^aกัลยาณิวัฒนา กรมหลวงนราธิวาสราชนครินทร์,^cสมเด็จพระเจ้าพี่นางเธอเจ้าฟ้า,^d2466-2551^xพระราชดำรัส
710 2  ^aชมรมส่งเสริมการเรียนรู้เพื่อพัฒนาเยาวชน (องค์กรสาธารณประโยชน์)
945    ^p0^l0^i034632
999    ^aเกษร โพธิ์สุวรรณ
รายการนี้ยังไม่มีแท็ก
คุณยังไม่ได้ล็อกอิน คุณสามารถมีกิจกรรมร่วมกับเว็บไซต์ได้ แต่ต้องล็อกอินก่อน ::
  ล็อกอิน

รายการสื่อสารสนเทศ

ลำดับที่ ประเภท เลขเรียก/บาร์โค้ด สถานที่ สถานะ
1. การศึกษาทั่วไป
การศึกษาทั่วไป
DS578.32.K35 ร417 ฉ.1 
  Barcode: 034632
ห้องสมุดวิทยาเขตสวรรค์ประชารักษ์
►หนังสือทั่วไป
บนชั้น

BibComment


ยังไม่เคยถูกคอมเมนท์

คอมเมนท์ทรัพยากรรายการนี้
  คอมเมนท์: ราชนครินทรานิทรร..


 Copyright 2026. Bcnsprnw @Library